| 000 | 00860nam a2200193 i 4500 | ||
|---|---|---|---|
| 001 | 153395 | ||
| 003 | ES-MaACL | ||
| 005 | 20230906205215.0 | ||
| 008 | 950503q18301840fr a |||| | fre d | ||
| 040 |
_aEUS _bspa _cEUS |
||
| 100 | 1 |
_aDe La Beche, Henry Thomas. _9126712 |
|
| 245 | 1 | 0 |
_aManuel géologique / _cpar Henry T. De La Bèche ; 2e éd. publiée a Londres en 1832 traduction française ; revue et publiée par A. J. M. Brochant de Villiers. |
| 260 |
_aParis : _bLanglois et Leclercq, libraires anciens associés et successeurs de Pitois-Levrault et Cie, _c[s.a.] ( _fImprimerie d'Hippolyte Tilliard) |
||
| 300 |
_aP.a-n, XIX, 744 p. : il. ; _c22 cm. |
||
| 596 | _aDel texto se deduce impreso ca. 1832. | ||
| 700 | 1 |
_aBrochant de Villiers, André Jean François Marie. _9126180 |
|
| 852 |
_aES-MaACL _jB-8021 _z-- Enc. pasta |
||
| 999 |
_c153395 _d153395 |
||